| 000 | 00000nam##2200000za#4500 |
| 001 | 9.568183 |
| 003 | CaOODSP |
| 005 | 20240215150447 |
| 007 | cr ||||||||||| |
| 008 | 150406|1989||||xxc|||||o f|0| 0 eng|d |
| 040 | |aCaOODSP|beng |
| 043 | |an-cn--- |
| 086 | 1 |aPS83-3/5E-PDF |
| 110 | 2 |aCorrectional Service Canada. |
| 245 | 10|aRole of the Research Branch / |h[electronic resource]|cprepared by Frank J. Porporino. |
| 260 | |bCorrectional Service Canada |cMarch 1989. |
| 300 | |a11p. |
| 490 | 1 |aResearch report|vR-05 |
| 590 | |a10-09-Supp|b2010-11-02 |
| 720 | 1 |aPorporino, Frank J. |
| 775 | 08|tRôle de la direction de la Recherche / |w(CaOODSP)9.599476 |
| 830 | #0|aResearch report (Correctional Service Canada. Research Branch)|vR-05|w(CaOODSP)9.506063 |
| 856 | 40|ahttp://publications.gc.ca|qPDF|s84 KB|uhttps://publications.gc.ca/collections/collection_2010/scc-csc/PS83-3-5-eng.pdf|yR-05 |